El Segudo año de gobierno del presidente Saca /
Furkejuvvon:
| Váldodahkki: | |
|---|---|
| Materiálatiipa: | Texto |
| Fáttát: | |
| Fáddágilkorat: |
Lasit fáddágilkoriid
Eai fáddágilkorat, Lasit vuosttaš fáddágilkora!
|
MARC
| LEADER | 00000 a a2200000 04500 | ||
|---|---|---|---|
| 001 | 5214 | ||
| 003 | |||
| 040 | |||
| 100 | |a González, Luis Armando | ||
| 245 | |a El Segudo año de gobierno del presidente Saca / |c Luis Armando González | ||
| 650 | |a PUBLICIDAD | ||
| 650 | |a POLITICA | ||
| 650 | |a PRESIDENCIA | ||
| 650 | |a GOBIERNO | ||
| 650 | |a EL SALVADOR | ||
| 773 | |g volumen 61, número 691 -692; páginas 592-596 | ||
| 999 | |c 22056 |d 22056 | ||
